[Event "Prague Golden U20 Rapid op 19th"]
[Site "Prague"]
[Date "2024.06.22"]
[Round "6"]
[White "Palmin, Daniil"]
[Black "Krouzek, Jindrich Frantisek"]
[Result "1-0"]
[WhiteElo "1538"]
[BlackElo "1455"]
[PlyCount "69"]
[EventDate "2024.06.22"]
[EventType "swiss (rapid)"]
[EventRounds "7"]
[EventCountry "CZE"]
[SourceTitle "EXT 2025"]
[Source "ChessBase"]
[SourceDate "2024.10.14"]
[SourceVersion "1"]
[SourceVersionDate "2024.10.14"]
[SourceQuality "1"]

1. e4 c6 2. d4 d5 3. e5 c5 4. c3 Nc6 5. Nf3 Bg4 6. Bb5 a6 7. Bxc6+ bxc6 8. Be3 e6 9. Nbd2 cxd4 10. cxd4 Bb4 11. a3 Ba5 12. b4 Bb6 13. 0-0 Ne7 14. h3 Bxf3 15. Nxf3 Nf5 16. Kh2 Nxe3 17. fxe3 0-0 18. Qd3 Qe7 19. Nd2 f6 20. Nf3 fxe5 21. Nxe5 Bc7 22. Kg1 Bxe5 23. dxe5 Qg5 24. Rac1 Rxf1+ 25. Kxf1 Qxe5 26. Rxc6 Qa1+ 27. Ke2 Rf8 28. Rxa6 Qf1+ 29. Kd2 Rf2+ 30. Kc3 Qa1+ 31. Kb3 Qa2+ 32. Ka4 Rd2 33. Qb5 Qc2+ 34. Ka5 Rd3 35. Qe8# 1-0